| 000 | 00384nam a2200157Ia 4500 | ||
|---|---|---|---|
| 005 | 20250305011440.0 | ||
| 008 | 240331s9999 xx 000 0 und d | ||
| 082 |
_bPRA _a808 |
||
| 100 | _aPrasanna Arachchi,S | ||
| 245 | 0 | _aPaththini vandana | |
| 260 |
_aNugegoda _bSamana Pragasana mandhiriya _c2004 |
||
| 300 | _a288 p., | ||
| 650 | _aWomen | ||
| 650 | _aShort Stories | ||
| 942 | _cL | ||
| 999 |
_c5098 _d5098 |
||